Systematic brand management model for value oriented brand management

Rôzne prístupy k budovaniu značky. Vývoj štvorfázového modelu manažmentu značky (analýza, stratégia, implementácia a brand controlling).

Salvato in:
Dettagli Bibliografici
Autore principale: Fendeková, Eleonora, 1952-
Altri autori: Mandat, Michael
Natura: Capitolo di libro
Lingua:inglese
Soggetti:
Tags: Aggiungi Tag
Nessun Tag, puoi essere il primo ad aggiungerne!!

MARC

LEADER 00000naa a2200000 4500
001 0136448
005 20240502072528.6
041 0 |a eng 
044 |a SK 
245 1 0 |a Systematic brand management model for value oriented brand management  |c Eleonora Fendeková, Michael Mandat 
520 |a Rôzne prístupy k budovaniu značky. Vývoj štvorfázového modelu manažmentu značky (analýza, stratégia, implementácia a brand controlling). 
610 2 0 |a stratégia marketingová 
610 2 0 |a značky výrobkov 
610 2 0 |a značky maloobchodné 
610 2 0 |a hodnota podniku 
610 2 0 |a hodnota pridaná 
610 2 0 |a kontroling 
610 2 0 |a rozhodovanie manažérske 
610 2 0 |a manažment 
100 1 |a Fendeková, Eleonora, 1952- 
700 1 |a Mandat, Michael